Complex variables and applications (Record no. 7806)

000 -LEADER
fixed length control field 00528nam a2200193 4500
001 - CONTROL NUMBER
control field 7806
003 - CONTROL NUMBER IDENTIFIER
control field BD-DhUET
008 - FIXED-LENGTH DATA ELEMENTS--GENERAL INFORMATION
fixed length control field 141213b/xxu||||| |||| 00| 0 eng d
040 ## - CATALOGING SOURCE
Original cataloging agency DLC
Language of cataloging DLC
Transcribing agency BD-DhUET
082 ## - DEWEY DECIMAL CLASSIFICATION NUMBER
Edition number 1st ed.
Classification number 517.8
Item number CHU/1974
100 ## - MAIN ENTRY--PERSONAL NAME
Personal name Churchill , Ruel V.
245 ## - TITLE STATEMENT
Title Complex variables and applications
Statement of responsibility, etc. by Ruel V. Churchill
250 ## - EDITION STATEMENT
Edition statement 1st ed.
260 ## - PUBLICATION, DISTRIBUTION, ETC. (IMPRINT)
Place of publication, distribution, etc. Newyork
Name of publisher, distributor, etc. McGraw Hill
Date of publication, distribution, etc. 1974
300 ## - PHYSICAL DESCRIPTION
Extent IX, 293 p .
Other physical details col. ill.
504 ## - BIBLIOGRAPHY, ETC. NOTE
Bibliography, etc includes bibliographies
650 #0 - SUBJECT ADDED ENTRY--TOPICAL TERM
Topical term or geographic name as entry element Math complex variable
942 ## - ADDED ENTRY ELEMENTS (KOHA)
Koha item type General Book
Holdings
Koha date last borrowed Price effective from Koha date last seen Location (home branch) Withdrawn status Not for loan Copy number Piece designation (barcode) Koha normalized classification for sorting Koha item type Koha full call number Sublocation or collection (holding branch) Source of classification or shelving scheme Lost status Shelving location Koha issues (times borrowed) Damaged status Date acquired
 2014-12-132014-12-13Central Library, BUET  152888517_800000000000000_CHU_1974General Book517.8/CHU/1974Central Library, BUET  Circulation section  2014-12-13
 2014-12-132014-12-13Central Library, BUET  252890517_800000000000000_CHU_1974General Book517.8/CHU/1974Central Library, BUET  Circulation section  2014-12-13
2016-07-132014-12-132016-12-20Central Library, BUET  367791517_800000000000000_CHU_1974General Book517.8/CHU/1974Central Library, BUET  Circulation section1 2014-12-13
2024-09-012014-12-132024-09-15Central Library, BUET  452886517_800000000000000_CHU_1974General Book517.8/CHU/1974Central Library, BUET  Circulation section2 2014-12-13
 2014-12-132014-12-13Central Library, BUET  57363517_800000000000000_CHU_1974General Book517.8/CHU/1974Central Library, BUET  Circulation section  2014-12-13